000 00558nam a2200217Ia 4500
005 20240405141457.0
008 131103s9999 xx 000 0 und d
040 _aLoreto College
041 _aEnglish
082 _a330
_bMOY
100 _aMoynihan, Dan
245 _aEconomics
_b A Complete Course
_cDan Moynihan and Brain Titley
260 _aOxford university press
_bOxford
_c1989
300 _a446p.
504 _aIncludes index
650 _aEducation
651 _aEconomics
700 _aTitley, Brain
850 _aLCBED
942 _cBK
999 _c34185
_d84664